000 01061nam2a2200229 4500
001 rc\2853501
005 20260315050325.0
035 _a(NLR Aleph) 007008246
090 _a13576871
_c13576871
100 _a20110706d1928 u y0rusy50 ca
101 0 _arus
102 _aRU
105 _ay z |||||
200 0 _aВып. 2
210 _d1928
215 _a130 с., [1] с. "Оглавление" на обл.
461 0 _1001rc\2853499
_12000#$aСтатистический ежегодник за 1927 год$eСамарская губерния. Вып. 1-$fРСФСР. Стат. отд. Сам. губисполкома$vВып. 2
_95788049
_aСамарский губернский статистический отдел
_cСамара
_d1927
_fРСФСР. Стат. отд. Сам. губисполкома
_nБ. и.
_oСамарская губерния. Вып. 1-
_tСтатистический ежегодник за 1927 год
_vВып. 2
801 0 _aRU
_bNLR
_gpsbo
801 1 _aRU
_bELAR
_2rusmarc
852 _aNLR
_j55/68
942 _cUNSPEC
980 _aNB